| 000 | 00666nam a2200229Ia 4500 | ||
|---|---|---|---|
| 005 | 20260429111926.0 | ||
| 008 | 260429s9999||||xx |||||||||||||| ||und|| | ||
| 020 | _a9789381082089 | ||
| 041 | _aEnglish | ||
| 082 |
_a341 _bSAN |
||
| 100 | _aSands, Philippe | ||
| 245 | 0 |
_aBowet's law of international institutions / _cPhilippe Sands |
|
| 250 | _a6th ed. | ||
| 260 |
_aLondon : _bSweet & Maxwell Thomson Reuters (Publisher), _c2009. |
||
| 300 | _axxxviii, 619 p.; pbk | ||
| 650 | _a International institutions | ||
| 650 | _a Organizations | ||
| 650 | _a Public international law | ||
| 650 | _aInternational law | ||
| 700 | _a Klein, Pierre | ||
| 942 | _cTB | ||
| 999 |
_c51457 _d51457 |
||